000 00778nam a2200253Ia 4500
003 OSt
005 20220923223431.0
006 a|||||r|||| 00| 0
007 ta
008 220922b |||||||| |||| 00| 0 hin d
024 _a215,275
037 _cTextual
040 _aARTS
_cARTS
_bhin
041 _2hin
_ahin
082 _aO152,3N144,1, L8-;1
100 _aरहबर, हॅंसराज
245 0 _aबीना रीढ का आदमी
246 _aBīnā rīḍh kā ādamī
250 _aसंस्क0 2
260 _aदिल्ली
_b प्रभात प्रका0
_c1978
300 _a148 पृ.
_ccm.
942 _hO152,3N144,1, L8-;1
_cTEXL
_2CC
999 _c365184
_d365184